000 00413nam a2200145 i 4500
001 68108
003 ES-MaACL
007 t|
008 040610s1955 sp ||||1| spa d
100 1 _aGaos, Alejandro.
_953898
245 1 0 _aProsa fugitiva
_b: entrevistas /
_cAlejandro Gaos.
260 _aMadrid :
_bColenda,
_c1955 (
_fImp. Moderna)
300 _a206 p. :
_b1 retr. aut. ;
_c19 cm.
852 _aES-MaACL
_jC-9714
999 _c68108
_d68108